Лабораторный практикум по курсу "Машины и аппараты химических производств": учебное пособие для вузов

Bibliografski detalji
Autor kompanije: Ивановский государственный химико-технологический университет
Daljnji autori: Блиничев В. Н. Валерьян Николаевич (редактор)
Sažetak:В лабораторном практикуме изложены методические основы по выполнению 22 лабораторных работ по курсу «Машины и аппараты химических производств». Даются основные сведения по теории и практике расчета оборудования для дозирования, классификации и смешения сыпучих материалов, для тонкого измельчения твердых частиц, приготовления и разделения суспензий и эмульсий, показано влияние конструктивных и режимных параметров на эффективность работы разнообразного технологического оборудования, даются основные закономерности определения мощности, потребляемой машинами, а также долговечности и надежности элементов конструкций машин. Сформулированы цели лабораторных работ, даны описания лабораторных установок и методика проведения экспериментов. Издание предназначено для студентов, обучающихся по специальности «Машины и аппараты химических производств».
Jezik:ruski
Izdano: Иваново, Изд-во Ивановского хим.-технологич. ун-та, 2006
Teme:
Format: MixedMaterials Knjiga
KOHA link:https://koha.lib.tpu.ru/cgi-bin/koha/opac-detail.pl?biblionumber=162327

MARC

LEADER 00000nam0a2200000 4500
001 162327
005 20231101222319.0
010 |a 5961601889 
035 |a (RuTPU)RU\TPU\book\176045 
090 |a 162327 
100 |a 20090619d2006 m y0rusy50 ca 
101 0 |a rus 
102 |a RU 
105 |a a j 001zy 
200 1 |a Лабораторный практикум по курсу "Машины и аппараты химических производств"  |e учебное пособие для вузов  |f Ивановский государственный химико-технологический университет ; под ред. В. Н. Блиничева 
210 |a Иваново  |c Изд-во Ивановского хим.-технологич. ун-та  |d 2006 
215 |a 196 с.  |c ил. 
320 |a Библиография в конце лабораторных работ. 
330 |a В лабораторном практикуме изложены методические основы по выполнению 22 лабораторных работ по курсу «Машины и аппараты химических производств». Даются основные сведения по теории и практике расчета оборудования для дозирования, классификации и смешения сыпучих материалов, для тонкого измельчения твердых частиц, приготовления и разделения суспензий и эмульсий, показано влияние конструктивных и режимных параметров на эффективность работы разнообразного технологического оборудования, даются основные закономерности определения мощности, потребляемой машинами, а также долговечности и надежности элементов конструкций машин. Сформулированы цели лабораторных работ, даны описания лабораторных установок и методика проведения экспериментов. Издание предназначено для студентов, обучающихся по специальности «Машины и аппараты химических производств». 
606 1 |a Химические производства  |x Автоматизация  |2 stltpush  |3 (RuTPU)RU\TPU\subj\31108  |9 53991 
610 1 |a химическая технология 
610 1 |a машины 
610 1 |a аппаратура 
610 1 |a аппараты 
610 1 |a конструкции 
610 1 |a сеточные дозаторы 
610 1 |a винтовые питатели 
610 1 |a сыпучие порошкообразные материалы 
610 1 |a дозирование 
610 1 |a дисперсность 
610 1 |a разделение 
610 1 |a вибрация 
610 1 |a смешение 
610 1 |a суспензии 
610 1 |a эмульсии 
610 1 |a технологическое оборудование 
610 1 |a режимные параметры 
610 1 |a лабораторные работы 
610 1 |a учебные пособия 
675 |a 66.02(076.5)  |v 3 
702 1 |a Блиничев  |b В. Н.  |g Валерьян Николаевич  |4 340 
712 0 2 |a Ивановский государственный химико-технологический университет  |2 stltpush  |3 (RuTPU)RU\TPU\col\6781  |9 24268 
801 1 |a RU  |b 63413507  |c 20090619  |g PSBO 
801 2 |a RU  |b 63413507  |c 20150729  |g RCR 
900 |a Машины и аппараты химических производств 
942 |c BK 
959 |a 74/20090619  |d 3  |e 301,00  |f АНЛ:1  |f ЧЗТЛ:1